¿Es necesario crear diseñadores artesanales? (Record no. 79544)
[ view plain ]
| 000 -CABECERA | |
|---|---|
| campo de control de longitud fija | 00522nam a2200205 a 4500 |
| 005 - FECHA Y HORA DE LA ÚLTIMA TRANSACCIÓN | |
| campo de control | 20210219153536.0 |
| 008 - ELEMENTOS DE LONGITUD FIJA--INFORMACIÓN GENERAL | |
| campo de control de longitud fija | 991125n 000 0 u |
| 035 ## - NÚMERO DE CONTROL DEL SISTEMA | |
| Número de control de sistema | UPN01000105593 |
| 100 ## - ASIENTO PRINCIPAL--NOMBRE PERSONAL | |
| Nombre de persona | HAND, Enrique Shermel |
| 222 ## - TÍTULO CLAVE | |
| Título clave | DOCENCIA POST-SECUNDARIA |
| 245 ## - MENCIÓN DE TÍTULO | |
| Título | ¿Es necesario crear diseñadores artesanales? |
| 300 ## - DESCRIPCIÓN FÍSICA | |
| Extensión | 59-67 |
| 362 ## - FECHAS DE PUBLICACIÓN Y/O DESIGNACIÓN SECUENCIAL | |
| Fecha de publicación y/o designación secuencial | 1978 Vol. 6, no. 1, feb. |
| 653 0# - TERMINO DE INDIZACION - NO CONTROLADO | |
| Término no controlado | ARTE |
| 653 0# - TERMINO DE INDIZACION - NO CONTROLADO | |
| Término no controlado | DISEÑADORES |
| 653 0# - TERMINO DE INDIZACION - NO CONTROLADO | |
| Término no controlado | DISEÑO |
| 653 0# - TERMINO DE INDIZACION - NO CONTROLADO | |
| Término no controlado | MEXICO |
| 904 ## - ELEMENTOS DE DATOS D LOCAL, LDD (RLIN) | |
| a | AC |
| b | 043404 |
| 905 ## - TIPO DE MATERIAL | |
| Tipo de material | Articulo |
No items available.
